000
00330 a2200109 4500
001
ART_55604
005
20260410161634.0
008
260409a
245
1
0
_a
Resolución técnica 53, modificatoria de la resolución técnica 37
100
1
_a
Nigro, Jorge O.
773
0
_t
Enfoques
_g
- N° 3 (mar. 2022)
_w
REV416
999
_c
12730
_d
12730